[Event "NATO-ch 13th"]
[Site "Brest"]
[Date "2002.10.??"]
[Round "3.39"]
[White "De Brouwer, Philippe"]
[Black "Morrison, Munroe L"]
[Result "1-0"]
[WhiteElo "1790"]
[BlackElo "1700"]
[PlyCount "69"]
[EventDate "2002.10.07"]
[EventType "swiss"]
[EventRounds "7"]
[EventCountry "FRA"]
[SourceTitle "EXT 2003"]
[Source "ChessBase"]
[SourceDate "2002.11.25"]
[SourceVersion "1"]
[SourceVersionDate "2002.11.25"]
[SourceQuality "1"]

1. d4 d5 2. Nf3 e6 3. g3 Nf6 4. Bg2 c5 5. dxc5 Bxc5 6. 0-0 0-0 7. b3 Nbd7 8. Bb2 b5 9. a4 bxa4 10. Rxa4 Nb6 11. Ra1 a5 12. Nc3 Bd7 13. Ne5 Be8 14. Nd3 Be7 15. Ba3 a4 16. Bxe7 Qxe7 17. bxa4 Nxa4 18. Nxa4 Bxa4 19. Nb2 Bb5 20. Rxa8 Rxa8 21. c4 Ra2 22. Qb3 Rxb2 23. Qxb2 Bxc4 24. Rc1 h6 25. e3 Nd7 26. Qd4 Nc5 27. Rc2 Nb3 28. Qc3 Qa3 29. Bf1 Bxf1 30. Kxf1 Qa1+ 31. Qxa1 Nxa1 32. Rb2 e5 33. Ke1 d4 34. exd4 exd4 35. Kd2 1-0